Statistiques concernant Coupes d'Europe foot 2023/2024 clubs en Huitièmes de finale

Cliquez ici pour prendre le quiz!

Statistiques générales

  • Ce quiz a été pris 97 fois
  • Le résultat moyen est 36 sur 48

Statistiques - réponses

Réponse% Correct
Bayern Munich
98%
Borussia Dortmund
98%
FC Barcelone
98%
Real Madrid
98%
Inter Milan
95%
Manchester City
95%
Arsenal
94%
Atlético Madrid
94%
Olympique de Marseille
94%
Paris SG
93%
Liverpool
92%
Bayer Leverkusen
91%
Milan AC
91%
Naples
91%
Lille OSC
88%
RB Leipzig
87%
Lazio Rome
86%
Ajax Amsterdam
85%
PSV Eindhoven
85%
Aston Villa
84%
Benfica Lisbonne
84%
FC Porto
81%
West Ham United
81%
Glasgow Rangers
80%
FC Copenhague
79%
Sporting CP
79%
Real Sociedad
78%
Villareal
78%
Dinamo Zagreb
76%
Club Bruges
71%
Fiorentina
71%
Atalanta Bergame
69%
SC Fribourg
65%
Fenerbahçe
62%
Maccabi Tel-Aviv
62%
Olympiakos
62%
AS Rome
61%
Sparta Prague
60%
Union Saint-Gilloise
60%
Maccabi Haïfa
59%
Slavia Prague
58%
Brighton & Hove Albion
54%
Qarabağ FK
47%
PAOK Salonique
46%
Sturm Graz
46%
Servette Genève
40%
Molde FK
34%
Viktoria Plzeň
32%

Distribution des résultats

Percentile par nombre de réponses

% des personnes avec chaque résultat

Votre développement - résultats

Vous n’avez pas pris ce quiz